000 00461nam a2200181Ia 4500
001 1070
005 20260306140604.0
008 260306t2010||||xx |||||||||||||| ||spa||
041 _aESP
082 _a180
_bR31 T. 1 2010
100 _aReale, Giovanni
_eAUT
245 0 _aHistoria del pensamiento filosófico y científico:
_bantigüedad y edad media
260 _c2010
300 _a
_c24 cm.
650 _aGEN
654 _aCHU
942 _cLIB
_dJUS
_fJUS
_2ddc
_n
999 _c1070
_d1070